000 00343nam a22001337a 4500
008 250428b |||||||| |||| 00| 0 eng d
020 _a333186664
050 _aHD6971
_b.H95
100 _aHYMAN Richard
245 _aIndustrial Relations: A Marxist Introduction
260 _aLondon
_bMacmillan Press
_c1975
300 _aix, 219p.
942 _cBK
999 _c3188
_d3188